Escudos de Equipes da Jupiler Pro League 25/26 - Statistics

Estatísticas Gerais
  • Esse quiz foi jogado 12 vezes
  • A pontuação média é 11 de 16
Estatísticas das Respostas
Imagem Resposta % Correto
Anderlecht
100%
Standard Liège
100%
Cercle Brugge
90%
Genk
90%
Gent
90%
Brugge
80%
Mechelen
80%
Antwerp
70%
Union Saint-Gilloise
70%
Verbroedering Dender
70%
Zulte Waregem
70%
La Louvière
50%
OH Leuven
50%
Sporting Charleroi
50%
Westerlo
50%
Sint-Truidense
30%
Nenhum quiz correspondente encontrado
Distribuição das Pontuações
Porcentagem de Pessoas com Cada Pontuação
Percentil de Números Respondidos
Sua Pontuação Histórica
Você não jogou esse quiz